State school administration a textbook of principles
Guardat en:
| Autor principal: | |
|---|---|
| Format: | Llibre |
| Idioma: | anglès |
| Publicat: |
Houghton, Mifflin
1927
|
| Etiquetes: |
Afegir etiqueta
Sense etiquetes, Sigues el primer a etiquetar aquest registre!
|
MARC
| LEADER | 00000nam a22000007a 4500 | ||
|---|---|---|---|
| 008 | 210120b ||||| |||| 00| 0 eng d | ||
| 100 | |a CUBBERLKY, Ellwood Patterson | ||
| 245 | |a State school administration |b a textbook of principles |c Ellwood Patterson Cubberlky | ||
| 260 | |b Houghton, Mifflin |c 1927 |h Boston |i 90258 |l LB2805 .C91 | ||
| 942 | |a lcc |c BK |e Adeyeye Y. S. |f 20/01/2021 | ||
| 952 | |0 0 |1 0 |2 lcc |4 0 |6 LB2805 C91 |7 0 |9 1287 |a HOL |b HOL |c LP |d 2021-01-20 |l 0 |o LB2805 .C91 |p 2021-0100 |r 2021-01-20 00:00:00 |w 2021-01-20 |y BK | ||
| 999 | |c 669 |d 669 | ||